000 00885nam a22002055i 4500
001 178632
003 ES-MaACL
005 20230906220557.0
008 110609s1970 sp d |||| | spa d
080 _a616.155.3
100 1 _aSans-Sabrafen, J.
_9103209
245 1 0 _aAplicación de técnicas citoquímicas a la clasificación citológica de las leucemias agudas /
_cresumen de la tesis presentada para aspirar al grado de doctor en medicina por Jorge Sans Sabrafen.
260 _aBarcelona :
_bUniversidad de Barcelona, Secretariado de Publicaciones, Intercambio Científico y Extensión Universitaria :
_bIvern,
_c1970.
300 _a20 p. :
_bil. bl. y n. ;
_c24 cm.
500 _aCub. tomada como port.
504 _aBibliografía : p. 19-20.
650 0 4 _aLeucemia.
_9144484
710 2 _aUniversidad de Barcelona.
_97141
852 _aES-MaACL
_jE-15361 (38)
_xOlim P-1374
999 _c178632
_d178632